[Event "LSS No Engine Cup 195 Preliminary 0"]
[Site "LSS email"]
[Date "2019.11.12"]
[Round "?"]
[White "Domenche Redondo, Francesco"]
[Black "Ducharme, Steven"]
[Result "1-0"]
[WhiteElo "1626"]
[BlackElo "1181"]
[PlyCount "55"]
[EventDate "2019.11.13"]
[EventType "tourn (corr)"]
[EventRounds "6"]
[EventCountry "GER"]
[SourceTitle "Corr 2022"]
[Source "ChessBase"]
[SourceDate "2021.10.24"]
[SourceVersion "1"]
[SourceVersionDate "2021.10.24"]
[SourceQuality "1"]

1. f4 c5 2. e4 Nc6 3. Nc3 g6 4. Nf3 Bg7 5. Bc4 e6 6. e5 Nge7 7. g4 Nd4 8. 0-0 d5 9. exd6 Qxd6 10. Ne5 Bxe5 11. fxe5 Qxe5 12. d3 Qg7 13. g5 0-0 14. Ne4 Nef5 15. c3 Nc6 16. Bf4 e5 17. Bd2 Be6 18. Qa4 Bxc4 19. Qxc4 b6 20. b4 Rfd8 21. Rf3 Rac8 22. bxc5 bxc5 23. Rb1 Nd6 24. Nxd6 Rxd6 25. Rb7 Nd8 26. Rxa7 Rb8 27. Be3 Rb1+ 28. Kg2 1-0

[Event "LSS No Engine Cup 195 Preliminary 0"]
[Site "LSS email"]
[Date "2019.11.12"]
[Round "?"]
[White "Sabbatini, Giuseppe"]
[Black "Domenche Redondo, Francesco"]
[Result "1-0"]
[WhiteElo "2055"]
[BlackElo "1626"]
[PlyCount "51"]
[EventDate "2019.11.13"]
[EventType "tourn (corr)"]
[EventRounds "6"]
[EventCountry "GER"]
[SourceTitle "Corr 2022"]
[Source "ChessBase"]
[SourceDate "2021.10.24"]
[SourceVersion "1"]
[SourceVersionDate "2021.10.24"]
[SourceQuality "1"]

1. d4 d5 2. c4 dxc4 3. e3 e5 4. Bxc4 Nc6 5. Nf3 e4 6. Nfd2 Qg5 7. Nxe4 Qxg2 8. Ng3 Bb4+ 9. Bd2 Be6 10. Bxe6 Bxd2+ 11. Nxd2 fxe6 12. Nf3 Nf6 13. h3 Ng4 14. hxg4 0-0 15. Qd3 Qxf3 16. Qxh7+ Kf7 17. Ne4 Ke8 18. Qg6+ Qf7 19. Qxf7+ Kxf7 20. Ke2 Rh8 21. Rxh8 Rxh8 22. Rc1 Rh4 23. Nc5 Rh8 24. Nxb7 Rb8 25. Rxc6 Rxb7 26. b3 1-0